[Event "Münster- Solingen 3"]
[Site "?"]
[Date "2023.04.30"]
[Round "8.4"]
[White "Muschik, Benedikt"]
[Black "Asadzade, Idris"]
[Result "1/2-1/2"]
[WhiteElo "2297"]
[BlackElo "2191"]
[Annotator "daniel"]
[PlyCount "153"]
[SourceVersionDate "2023.06.22"]

1. d4 d5 2. Bf4 Nf6 3. e3 c5 4. c3 Nc6 5. Nd2 e6 6. Ngf3 Bd6 7. Bg3 O-O 8. Bd3
b6 9. Qe2 Bb7 10. Rd1 h6 11. a3 Qe7 12. Ne5 Nd7 13. f4 Rfd8 14. Qh5 Nf8 15. O-O
f6 16. Rf3 Qe8 17. Qxe8 Rxe8 18. Nxc6 Bxc6 19. e4 cxd4 20. cxd4 dxe4 21. Bxe4
Rac8 22. Rc3 Bxe4 23. Nxe4 Bb8 24. d5 exd5 25. Rxd5 $11 Ng6 26. Rxc8 Rxc8 27.
f5 Bxg3 28. hxg3 Ne5 29. Rd2 h5 30. Kf2 Rc7 31. Nc3 Nc4 32. Rd8+ Kh7 33. Nd5
Rc6 34. g4 hxg4 35. Kg3 Ne5 36. Ne3 Rc1 37. Ra8 Rb1 38. Rxa7 Rxb2 39. Nxg4 Nxg4
40. Kxg4 Rxg2+ 41. Kf4 Rb2 42. Ra8 Rb3 43. Kg4 Rb5 44. Rb8 Rb3 45. Ra8 Rc3 46.
Rb8 Rc4+ 47. Kg3 Rc5 48. Kf4 Rc6 49. Kg4 g6 50. fxg6+ Kxg6 51. Rg8+ Kf7 52. Rb8
Ke6 53. Kf4 Kd5 54. Kf5 Kc4 55. a4 Kb4 56. Ra8 Rd6 57. Ra6 Rc6 58. Kg6 Kc5 59.
Kf5 Kd5 60. Ra8 Rd6 61. Ra6 Kc6 62. Ra8 Kb7 63. Rf8 Rd4 64. Rxf6 Rxa4 65. Ke5
Rc4 66. Kd5 Rc8 67. Kd4 Ka6 68. Rf1 b5 69. Ra1+ Kb6 70. Kd3 b4 71. Kd2 Kb5 72.
Rc1 Rg8 73. Kc2 Rg3 74. Kb2 Rh3 75. Rc8 Rh2+ 76. Kb3 Rh3+ 77. Kb2 1/2-1/2

[Event "Münster- Solingen 3"]
[Site "?"]
[Date "2023.04.30"]
[Round "8.5"]
[White "Wickenfeld, Stefan"]
[Black "Wolter, Kai"]
[Result "1-0"]
[WhiteElo "2202"]
[BlackElo "2205"]
[Annotator "daniel"]
[PlyCount "53"]
[SourceVersionDate "2023.06.22"]

1. d4 Nf6 2. Nf3 g6 3. g3 Bg7 4. Bg2 O-O 5. O-O d5 6. b3 c6 7. Bb2 a5 8. c4 a4
9. Ne5 axb3 10. axb3 Rxa1 11. Bxa1 Be6 12. Nc3 Na6 13. Bb2 Qc8 14. Ba3 Re8 $11
15. cxd5 cxd5 16. Qd3 Bh3 17. Bxh3 Qxh3 18. Qb5 Qe6 19. Qxb7 Rb8 20. Qxe7 Rxb3
21. Rc1 Rb8 22. e3 Rc8 23. Kg2 Bf8 24. Qxe6 fxe6 25. Nxd5 Rxc1 26. Nxf6+ Kg7
27. Ne8+ 1-0

[Event "Münster- Solingen 3"]
[Site "?"]
[Date "2023.04.30"]
[Round "8.6"]
[White "Wilde, Pierre"]
[Black "Borchert, Stephan"]
[Result "0-1"]
[WhiteElo "2218"]
[BlackElo "2042"]
[PlyCount "96"]
[SourceVersionDate "2023.06.22"]

1. d4 Nf6 2. c4 g6 3. Nc3 Bg7 4. e4 d6 5. f3 O-O 6. Bg5 c5 7. d5 Qa5 8. Qd2 a6
9. Nd1 Qxd2+ 10. Bxd2 e6 11. a4 exd5 12. cxd5 Nbd7 13. Ne2 Rb8 14. Nec3 Ne8 15.
Be2 f5 16. exf5 gxf5 17. f4 Nc7 18. Ne3 b5 19. axb5 Nxb5 20. Nxb5 axb5 21. Bc3
Nf6 22. Bd3 Re8 23. Kd2 Rxe3 24. Kxe3 Nxd5+ 25. Kd2 Nxc3 26. bxc3 b4 27. Bc4+
Kf8 28. cxb4 Bxa1 29. Rxa1 Rxb4 30. Kc3 Bb7 31. Rd1 Ke7 32. g3 Be4 33. h3 Kd7
34. Bf7 Rb7 35. Bb3 Kc6 36. Ba4+ Kc7 37. Bb3 Ra7 38. g4 Kc6 39. gxf5 d5 40. Re1
d4+ 41. Kb2 Bxf5 42. Re5 Bd3 43. Re6+ Kb5 44. Rd6 Rg7 45. Be6 Rg2+ 46. Kc1 Kb4
47. Rb6+ Ka5 48. Rc6 c4 0-1

[Event "Münster- Solingen 3"]
[Site "?"]
[Date "2023.04.30"]
[Round "8.7"]
[White "Auer, Martin"]
[Black "Wichtrup, Jan- Louis"]
[Result "1/2-1/2"]
[WhiteElo "2221"]
[BlackElo "2135"]
[PlyCount "37"]
[SourceVersionDate "2023.06.22"]

1. Nf3 Nf6 2. g3 d5 3. Bg2 e6 4. O-O Be7 5. b3 O-O 6. c4 b6 7. e3 Bb7 8. Bb2 c5
9. Qe2 Qc8 10. Nc3 Rd8 11. d3 Nc6 12. Rfd1 d4 13. exd4 Nxd4 14. Nxd4 cxd4 15.
Nb5 Bc5 16. b4 Bxb4 17. Nxd4 Bxg2 18. Kxg2 Qb7+ 19. Qf3 1/2-1/2

[Event "Münster- Solingen 3"]
[Site "?"]
[Date "2023.04.30"]
[Round "8.8"]
[White "Rott, Georg"]
[Black "Scheffner, Axel"]
[Result "1-0"]
[WhiteElo "2146"]
[BlackElo "2249"]
[Annotator "daniel"]
[PlyCount "141"]
[SourceVersionDate "2023.06.22"]

1. e4 c6 2. d4 d5 3. exd5 cxd5 4. c4 Nf6 5. Nc3 Nc6 6. Bg5 Be6 7. c5 g6 8. Bxf6
exf6 9. Nf3 Bg7 10. Bb5 O-O 11. h3 Bf5 12. O-O Be4 13. Nh2 Bf5 14. Qa4 Qd7 15.
Rad1 Rfe8 16. Rfe1 Bh6 17. Nf1 Bf4 18. Ne2 Bc7 19. Neg3 Be6 20. Be2 h5 21. Bf3
h4 22. Ne2 Rad8 23. Ne3 Ne5 24. Qxd7 Nxf3+ 25. gxf3 Rxd7 26. Kg2 g5 27. Nc3
Red8 28. b4 a6 29. Re2 Ra8 30. a4 Rdd8 31. Rde1 Kg7 32. Ng4 Rd7 $11 33. Kf1
Rad8 34. Rxe6 fxe6 35. Rxe6 Rf8 36. Ke2 Bd8 37. Kd3 Kf7 38. Re2 Bc7 39. Ne3
Rfd8 40. Nf5 Bf4 41. Ra2 Ke6 42. Ne3 Bxe3 43. fxe3 f5 44. Rg2 Kf6 45. b5 Ra8
46. e4 dxe4+ 47. fxe4 Rad8 48. d5 axb5 49. axb5 Rg7 50. Kd4 g4 51. exf5 g3 52.
Ke4 Rg5 53. c6 Rxf5 54. c7 Re8+ 55. Kd4 Rf4+ 56. Kc5 Rf2 57. Ne4+ Rxe4 58.
Rxf2+ gxf2 59. c8=Q Rc4+ 60. Kxc4 f1=Q+ 61. Kb4 Qb1+ 62. Ka5 Ke5 63. Qe6+ Kd4
64. d6 Qc1 65. d7 Qa3+ 66. Kb6 Qf8 67. Kxb7 Kc5 68. Qc6+ Kb4 69. Kc7 Qf7 70. b6
Ka5 71. b7 1-0

[Event "Wattenscheid- Köln"]
[Site "?"]
[Date "2023.04.30"]
[Round "8.1"]
[White "Morawietz, Dieter"]
[Black "Koscielski, Janusz"]
[Result "1/2-1/2"]
[WhiteElo "2390"]
[BlackElo "2252"]
[PlyCount "99"]
[SourceVersionDate "2023.06.22"]

1. d4 d5 2. c4 e6 3. Nc3 Nf6 4. Bg5 Be7 5. e3 O-O 6. Nf3 b6 7. Qc2 Bb7 8. Bxf6
Bxf6 9. cxd5 exd5 10. Bd3 h6 11. h4 c5 12. O-O-O cxd4 13. exd4 Nc6 14. g4 Qd6
15. Kb1 Nb4 16. Qd2 Nxd3 17. Qxd3 g6 18. g5 hxg5 19. hxg5 Bg7 20. Nb5 Qd8 21.
Ne5 Bc8 22. Qg3 Bf5+ 23. Ka1 a6 24. Nc3 Qd6 25. Rh4 Rfe8 26. Rdh1 Rad8 27. Qh2
Kf8 28. f4 Bxe5 29. fxe5 Qe6 30. Ne2 Rc8 31. Qg3 Ke7 32. Rh7 Rf8 33. Qa3+ Kd7
34. Qxa6 Qc6 35. Nc3 Ra8 36. Qe2 Ke6 37. Rf1 Rh8 38. Rh6 Rxh6 39. gxh6 Rh8 40.
Qe3 Qc4 41. Rc1 Kd7 42. e6+ Bxe6 43. Ne2 Qb4 44. Nf4 Qd6 45. Nxe6 Qxe6 46. Qf4
Rc8 47. h7 Rxc1+ 48. Qxc1 Qh3 49. a4 Qxh7 50. Qf1 1/2-1/2

[Event "Wattenscheid- Köln"]
[Site "?"]
[Date "2023.04.30"]
[Round "8.2"]
[White "Schiffer, Kai- Uwe"]
[Black "Helbig, Mark"]
[Result "1/2-1/2"]
[WhiteElo "2278"]
[BlackElo "2289"]
[PlyCount "68"]
[SourceVersionDate "2023.06.22"]

1. d4 Nf6 2. Bg5 d5 3. e3 Bf5 4. Bxf6 exf6 5. Bd3 Bxd3 6. Qxd3 c6 7. Ne2 Bd6 8.
O-O O-O 9. Nd2 Qc7 10. g3 Nd7 11. c4 dxc4 12. Nxc4 Rad8 13. Qb3 Rb8 14. Rac1
Rfc8 15. Rfd1 Bf8 16. Nf4 b5 17. Nd2 c5 18. dxc5 Nxc5 19. Qd5 Rd8 20. Qf3 Qa5
21. Nb3 Nxb3 22. axb3 Qa2 23. Rc7 Bd6 24. Rb7 Bxf4 25. Rxb8 Rxb8 26. Qxf4 Rf8
27. Qb4 Qa6 28. Rd6 Qb7 29. Qd4 a6 30. Qd5 Qxd5 31. Rxd5 Ra8 32. Kf1 Kf8 33.
Rd6 Ke7 34. Rb6 Ra7 1/2-1/2

[Event "Wattenscheid- Köln"]
[Site "?"]
[Date "2023.04.30"]
[Round "8.3"]
[White "Wacker, Peter"]
[Black "Straeter, Timo"]
[Result "1-0"]
[WhiteElo "2265"]
[BlackElo "2310"]
[PlyCount "65"]
[SourceVersionDate "2023.06.22"]

1. e4 e5 2. Nf3 Nc6 3. Nc3 Nf6 4. g3 Bc5 5. Bg2 d6 6. d3 a6 7. Be3 Bxe3 8. fxe3
Bg4 9. Qd2 O-O 10. O-O Bxf3 11. Rxf3 h6 12. Raf1 Nh7 13. R3f2 Qd7 14. Qe2 g6
15. h4 Kg7 16. Kh2 Ne7 17. Bh3 Qc6 18. d4 Rad8 19. Qd3 b5 20. dxe5 dxe5 21.
Rxf7+ Rxf7 22. Rxf7+ Kxf7 23. Qxd8 Nf6 24. a3 Nxe4 25. Bd7 Qc5 26. Qe8+ Kg7 27.
Nxe4 Qxc2+ 28. Kh3 Qxe4 29. Qxe7+ Kh8 30. Qf8+ Kh7 31. Qf7+ Kh8 32. Qf6+ Kh7
33. Bc6 1-0

[Event "Wattenscheid- Köln"]
[Site "?"]
[Date "2023.04.30"]
[Round "8.4"]
[White "Sandkamp, Ralph"]
[Black "Bayer, Ernst- Wolfgang"]
[Result "1/2-1/2"]
[WhiteElo "2229"]
[BlackElo "2216"]
[PlyCount "26"]
[SourceVersionDate "2023.06.22"]

1. Nf3 d5 2. g3 Nf6 3. Bg2 c6 4. O-O h6 5. b3 Bf5 6. Bb2 e6 7. d3 Be7 8. Nbd2
O-O 9. c4 a5 10. a3 Na6 11. Ra2 Nd7 12. Qa1 Bf6 13. Bxf6 Qxf6 1/2-1/2

[Event "Wattenscheid- Köln"]
[Site "?"]
[Date "2023.04.30"]
[Round "8.5"]
[White "Bonnmann, Reinhard"]
[Black "Thiel, Thomas"]
[Result "1-0"]
[WhiteElo "2261"]
[BlackElo "2234"]
[PlyCount "49"]
[SourceVersionDate "2023.06.22"]

1. d4 Nf6 2. c4 g6 3. Nc3 d5 4. Nf3 Bg7 5. cxd5 Nxd5 6. e3 O-O 7. Bc4 Nb6 8.
Bb3 c5 9. O-O cxd4 10. exd4 Bg4 11. d5 N8d7 12. h3 Bxf3 13. Qxf3 Rc8 14. d6
exd6 15. Qxb7 Nc5 16. Qf3 Qf6 17. Qxf6 Bxf6 18. Rd1 Bxc3 19. bxc3 Ne4 20. Bh6
Rfd8 21. Re1 Re8 22. Rad1 d5 23. Rd3 Red8 24. Ree3 f6 25. Rxe4 1-0

[Event "Wattenscheid- Köln"]
[Site "?"]
[Date "2023.04.30"]
[Round "8.6"]
[White "Hirsch, Stefan"]
[Black "Wißkirchen, Andreas"]
[Result "1/2-1/2"]
[WhiteElo "2120"]
[BlackElo "2202"]
[PlyCount "24"]
[SourceVersionDate "2023.06.22"]

1. e4 c5 2. Nf3 d6 3. Bb5+ Bd7 4. Bxd7+ Qxd7 5. c4 Nc6 6. O-O Nf6 7. Nc3 g6 8.
d4 cxd4 9. Nxd4 Bg7 10. Nde2 O-O 11. f3 a6 12. a4 e6 1/2-1/2

[Event "Wattenscheid- Köln"]
[Site "?"]
[Date "2023.04.30"]
[Round "8.7"]
[White "Schmidt, Martin"]
[Black "Koerber, Matthias"]
[Result "1-0"]
[WhiteElo "2222"]
[BlackElo "2189"]
[PlyCount "79"]
[SourceVersionDate "2023.06.22"]

1. d4 d5 2. Bf4 c6 3. e3 Bf5 4. c4 e6 5. Qb3 Qb6 6. c5 Qxb3 7. axb3 Bxb1 8.
Rxb1 Nd7 9. Ra1 a6 10. Nf3 Ngf6 11. h3 Be7 12. Bd3 O-O 13. b4 Ne4 14. Bxe4 dxe4
15. Nd2 f5 16. Nc4 Nf6 17. Be5 Nd5 18. Ra4 f4 19. Ke2 Rf7 20. Nd2 fxe3 21. fxe3
Bg5 22. Ra3 Nxb4 23. Nxe4 Bd8 24. Rb3 a5 25. Nd6 Rd7 26. Ra1 Ra6 27. Nc4 Rf7
28. Bd6 g5 29. Ne5 Rg7 30. Rf1 Be7 31. e4 Ra8 32. Rbf3 Rd8 33. Nf7 Rxf7 34.
Rxf7 Bxd6 35. cxd6 Rxd6 36. Rf8+ Kg7 37. R1f7+ Kg6 38. Rf6+ Kg7 39. R8f7+ Kg8
40. Rxb7 1-0

[Event "Wattenscheid- Köln"]
[Site "?"]
[Date "2023.04.30"]
[Round "8.8"]
[White "Kaehmann, Joerg"]
[Black "Schwibbert, Jonas"]
[Result "1/2-1/2"]
[WhiteElo "2163"]
[BlackElo "2025"]
[PlyCount "162"]
[SourceVersionDate "2023.06.22"]

1. e4 c5 2. Nf3 Nc6 3. d4 cxd4 4. Nxd4 e5 5. Nf3 Nf6 6. Nc3 Bb4 7. Bc4 O-O 8.
O-O Bxc3 9. bxc3 Nxe4 10. Re1 Nxc3 11. Qd2 d5 12. Bb3 d4 13. Nxe5 Nxe5 14. Rxe5
Qf6 15. Qe1 Bd7 16. Ba3 Rfe8 17. Be7 Qh6 18. Bg5 Qg6 19. Bf4 Bc6 20. Bg3 h5 21.
f3 h4 22. Bxh4 Rxe5 23. Qxe5 Bxf3 24. Qg5 Be4 25. Rf1 Rf8 26. Qxg6 Bxg6 27. Re1
b5 28. Be7 Re8 29. Bh4 Rc8 30. Ra1 a5 31. a4 bxa4 32. Bxa4 Nxa4 33. Rxa4 Bxc2
34. Rxd4 a4 35. Be7 Rc3 36. Rd8+ Kh7 37. Ra8 Re3 38. Bb4 Re2 39. Ra5 Be4 40. g3
Kg6 41. Rxa4 Rg2+ 42. Kf1 Rxh2 43. Bd6 Bd5 44. Rd4 Be6 45. Bf4 Ra2 46. Rd2 Ra4
47. Kf2 Kf5 48. Bd6 Rc4 49. Bb8 g5 50. Bd6 Kg6 51. Bb8 Kh5 52. Be5 Re4 53. Bb8
Bc4 54. Kf3 Re8 55. Bc7 Ra8 56. Bd6 Ra6 57. Be5 Ra3+ 58. Kf2 Ra5 59. Bc7 Ra1
60. Bb8 Rf1+ 61. Kg2 Rb1 62. Bd6 Ba6 63. Kf2 f5 64. Bc7 Rb4 65. Bd6 Ra4 66. Be5
Re4 67. Bb8 Kg4 68. Ra2 Bc4 69. Rd2 f4 70. gxf4 gxf4 71. Rb2 Re8 72. Bc7 Rh8
73. Kg1 Bd5 74. Rb4 Kf3 75. Bxf4 Be4 76. Be5 Rh5 77. Rb3+ Ke2 78. Rb2+ Ke3 79.
Rb3+ Ke2 80. Rb2+ Kd3 81. Bg3 Rg5 1/2-1/2

[Event "SG Bochum 1 - SF Brackel 1"]
[Site "Oberliga NRW 2022/2023"]
[Date "2023.04.30"]
[Round "8.2"]
[White "Schlawin, Marlon"]
[Black "Luft, Dennis"]
[Result "0-1"]
[WhiteElo "2280"]
[BlackElo "2271"]
[PlyCount "70"]
[EventDate "2023.??.??"]
[SourceVersionDate "2023.06.22"]
[WhiteTeam "SG Bochum 1"]
[BlackTeam "SF Brackel 1"]

1. e4 e5 2. Nf3 Nc6 3. Bc4 Bc5 4. c3 Nf6 5. d3 d6 6. Nbd2 a5 7. O-O O-O 8. Bb3
Be6 9. Re1 Qb8 10. Nf1 a4 11. Bxe6 fxe6 12. Be3 Qa7 13. b4 Bb6 14. Ng3 Bxe3 15.
Rxe3 Rae8 16. h3 Ne7 17. d4 exd4 18. Qxd4 Nc6 19. Qxa7 Nxa7 20. c4 b5 21. Rc1
bxc4 22. Rxc4 Nb5 23. Ne2 Rb8 24. e5 Nd5 25. Rd3 dxe5 26. Nxe5 Nd6 27. Rg4 Nxb4
28. Ra3 h5 29. Rh4 Rb5 30. f4 Nd5 31. Rxa4 Rb1+ 32. Kh2 Ne3 33. Ng3 Rb2 34.
Nxh5 Rxg2+ 35. Kh1 Rb8 0-1

[Event "SG Bochum 1 - SF Brackel 1"]
[Site "Oberliga NRW 2022/2023"]
[Date "2023.04.30"]
[Round "8.4"]
[White "Werthebach, Felix"]
[Black "Steinmetzer, Thomas"]
[Result "1-0"]
[WhiteElo "2207"]
[BlackElo "2196"]
[PlyCount "95"]
[EventDate "2023.??.??"]
[SourceVersionDate "2023.06.22"]
[WhiteTeam "SG Bochum 1"]
[BlackTeam "SF Brackel 1"]

1. c4 e6 2. g3 d5 3. Bg2 Nf6 4. Nf3 Be7 5. O-O O-O 6. Qc2 b6 7. cxd5 exd5 8.
Nc3 Bb7 9. d4 Na6 10. Bf4 Bd6 11. Rac1 Bxf4 12. gxf4 Qe8 13. Ne5 Rd8 14. Rfd1
Nh5 15. e3 f6 16. Nd3 Kh8 17. Qe2 g6 18. b4 c6 19. a4 Nc7 20. Bf3 Ng7 21. Qa2
Nf5 22. b5 Nh4 23. Bh1 Qe6 24. Qe2 Rfe8 25. Ne1 Re7 26. Ng2 Nf5 27. bxc6 Bxc6
28. Rd2 Qd7 29. Qd1 Bb7 30. h3 Nd6 31. Qg4 Qe8 32. Kh2 Bc8 33. Qf3 Bf5 34. Nh4
Be4 35. Nxe4 dxe4 36. Qg4 Qxa4 37. Rdc2 Nd5 38. Rc6 Nb4 39. Rc7 Rdd7 40. Rc8+
Kg7 41. Ra8 Qb5 42. Rg1 f5 43. Qh5 Re6 44. Bxe4 Rf6 45. Nxg6 Rxg6 46. Rxg6+
hxg6 47. Qh8+ Kf7 48. Rf8+ 1-0

[Event "SG Bochum 1 - SF Brackel 1"]
[Site "Oberliga NRW 2022/2023"]
[Date "2023.04.30"]
[Round "8.5"]
[White "Korten, Lando"]
[Black "Backwinkel, Paul"]
[Result "1-0"]
[WhiteElo "2135"]
[BlackElo "2192"]
[PlyCount "77"]
[EventDate "2023.??.??"]
[SourceVersionDate "2023.06.22"]
[WhiteTeam "SF Brackel 1"]
[BlackTeam "SG Bochum 1"]

1. d4 g6 2. c4 Bg7 3. e4 d6 4. Nc3 Nc6 5. d5 Nd4 6. Nge2 c5 7. Be3 Nxe2 8. Bxe2
Nf6 9. O-O O-O 10. f4 Nd7 11. Qc2 a6 12. a4 Qa5 13. h3 Rb8 14. Kh1 Nf6 15. g4
Ne8 16. Bd3 Bd7 17. Bd2 Qd8 18. Rae1 e5 19. f5 Qh4 20. Re3 Bh6 21. Be1 Qd8 22.
Ref3 Nc7 23. Qe2 b5 24. axb5 axb5 25. cxb5 Qe8 26. h4 Bf4 27. Rxf4 exf4 28. Qf3
f6 29. Qxf4 Qe7 30. Rf2 gxf5 31. gxf5 Kh8 32. Rg2 Rg8 33. Bg3 Bxb5 34. Qxd6
Qxd6 35. Bxd6 Bxd3 36. Rxg8+ Kxg8 37. Bxc7 Rxb2 38. d6 Kf7 39. d7 1-0

[Event "SG Bochum 1 - SF Brackel 1"]
[Site "Oberliga NRW 2022/2023"]
[Date "2023.04.30"]
[Round "8.6"]
[White "Wuebker, Paul-Luca"]
[Black "Goldschmidt, Christian"]
[Result "1/2-1/2"]
[WhiteElo "2176"]
[BlackElo "2208"]
[Annotator "daniel"]
[PlyCount "117"]
[EventDate "2023.??.??"]
[SourceVersionDate "2023.06.22"]
[WhiteTeam "SG Bochum 1"]
[BlackTeam "SF Brackel 1"]

1. d4 d5 2. c4 e6 3. cxd5 exd5 4. Bf4 Bf5 5. Nf3 c6 6. Qb3 Qb6 7. Nbd2 Qxb3 8.
Nxb3 Nd7 9. a3 a5 10. e3 a4 11. Nc1 Be7 12. Na2 Ngf6 13. Be2 O-O 14. Ne5 Nxe5
15. Bxe5 Nd7 16. Bg3 Rfc8 17. Nc3 g6 18. f3 Bc2 19. Rc1 Bb3 20. Nb1 b5 21. Nd2
b4 22. Nxb3 bxa3 23. bxa3 axb3 24. Rb1 Rxa3 25. Bd1 Bb4+ 26. Kf1 c5 27. Rxb3
Rxb3 28. Bxb3 c4 29. Bc2 Ra8 30. Bb1 Ra1 31. Ke2 Nb6 32. Rc1 Na4 33. Be1 Bxe1
34. Kxe1 Nc3 35. Rxc3 Rxb1+ 36. Kd2 Rg1 37. e4 dxe4 38. fxe4 Rxg2+ 39. Ke3 Rxh2
40. Rxc4 Kf8 41. e5 Rh4 42. Rc7 g5 43. d5 Rf4 44. d6 Ke8 45. e6 fxe6 46. Rxh7
Rf7 47. Rh1 Kd7 48. Rd1 g4 49. Rd4 Rg7 50. Kf2 e5 51. Rd1 Rg6 52. Rd5 g3+ 53.
Kg2 Rg5 54. Rd3 Rg6 55. Rd5 e4 56. Rd4 Rg4 57. Rd1 Rg6 58. Rd4 {(=)} e3 59. Re4
1/2-1/2

[Event "SG Bochum 1 - SF Brackel 1"]
[Site "Oberliga NRW 2022/2023"]
[Date "2023.04.30"]
[Round "8.7"]
[White "Strathoff, Martin"]
[Black "Mazarov, Juergen"]
[Result "1-0"]
[WhiteElo "2073"]
[BlackElo "2083"]
[PlyCount "61"]
[EventDate "2023.??.??"]
[SourceVersionDate "2023.06.22"]
[WhiteTeam "SF Brackel 1"]
[BlackTeam "SG Bochum 1"]

1. d4 g6 2. c4 Bg7 3. Nc3 d6 4. Nf3 Nd7 5. g3 e6 6. Bg2 Ne7 7. h4 h6 8. e4 c6
9. Be3 Qc7 10. Qd2 Nf6 11. e5 dxe5 12. Nxe5 Nf5 13. O-O Nxe3 {(=)} 14. Qxe3 O-O
15. Rad1 Bd7 16. f4 Rfd8 17. Bf3 Rac8 18. g4 b5 19. g5 Ne8 20. c5 h5 21. Qe2
Bxe5 22. fxe5 Ng7 23. Ne4 Be8 24. Nf6+ Kf8 25. Bxh5 gxh5 26. Nxh5 f5 27. gxf6
Nxh5 28. f7 Bxf7 29. Qxh5 Kg7 30. Qg5+ Kh7 31. Rf6 1-0

[Event "SG Bochum 1 - SF Brackel 1"]
[Site "Oberliga NRW 2022/2023"]
[Date "2023.04.30"]
[Round "8.8"]
[White "Jung, Benn"]
[Black "Czarnetzki, Reinhold"]
[Result "1-0"]
[WhiteElo "1684"]
[BlackElo "1674"]
[PlyCount "39"]
[EventDate "2023.??.??"]
[SourceVersionDate "2023.06.22"]
[WhiteTeam "SG Bochum 1"]
[BlackTeam "SF Brackel 1"]

1. c4 Nf6 2. Nc3 g6 3. e4 d6 4. d4 Bg7 5. f3 O-O 6. Be3 c6 7. Qd2 Re8 8. Bh6
Bh8 9. h4 e5 10. d5 c5 11. g4 a6 12. h5 Bd7 13. Bg5 Qa5 14. Qh2 Re7 15. Qh4 Ba4
16. Bxf6 Qb4 17. Rh2 Rd7 18. Bxh8 Kxh8 19. Qf6+ Kg8 20. h6 1-0

[Event "SG Bochum 1 - SF Brackel 1"]
[Site "Oberliga NRW 2022/2023"]
[Date "2023.04.30"]
[Round "8.3"]
[White "Kartsev, Soel"]
[Black "Tkachuk, Konstantyn"]
[Result "1/2-1/2"]
[WhiteElo "2168"]
[BlackElo "2189"]
[PlyCount "44"]
[EventDate "2023.??.??"]
[SourceVersionDate "2023.06.22"]
[WhiteTeam "SF Brackel 1"]
[BlackTeam "SG Bochum 1"]

1. e4 c5 2. Nf3 d6 3. c3 Nf6 4. Bd3 Nc6 5. h3 g6 6. O-O Bg7 7. Bc2 O-O 8. Re1
e5 9. d4 Re8 10. Na3 exd4 11. cxd4 a6 12. d5 Nb4 13. Bb1 b5 14. Nc2 Nxc2 15.
Bxc2 Ra7 16. Bg5 h6 17. Bh4 g5 18. Bg3 Rae7 19. e5 dxe5 20. d6 Re6 21. Rxe5 Nh5
22. Rxe6 Rxe6 1/2-1/2

[Event "Langenfeld- Lippstadt"]
[Site "?"]
[Date "2023.04.30"]
[Round "8.1"]
[White "Hecht, Carsten"]
[Black "Rechmann, Peter"]
[Result "1-0"]
[WhiteElo "2312"]
[BlackElo "2275"]
[PlyCount "63"]
[EventDate "2023.??.??"]
[SourceVersionDate "2023.06.22"]
[WhiteTeam "LSV Turm Lippstadt"]
[BlackTeam "Langenfelder SF"]

1. e4 e5 2. Nf3 Nc6 3. Bb5 a6 4. Ba4 d6 5. c3 Bd7 6. O-O Nge7 7. d4 Ng6 8. Nbd2
Be7 9. Re1 h6 10. Nf1 Nh4 11. Nxh4 Bxh4 12. dxe5 dxe5 13. Ne3 Bg5 14. Qe2 O-O
15. Rd1 Nd4 16. cxd4 Bxa4 17. b3 Bb5 18. Qg4 exd4 19. Nf5 Bd7 20. Rxd4 Bxf5 21.
exf5 Qxd4 22. Qxd4 Bf6 23. Qg4 Bxa1 24. Bxh6 Rfe8 25. h4 Kh7 26. Be3 Bf6 27.
Qh5+ Kg8 28. g4 Re4 29. g5 Be7 30. f6 Bf8 31. g6 fxg6 32. Qd5+ 1-0

[Event "Langenfeld- Lippstadt"]
[Site "?"]
[Date "2023.04.30"]
[Round "8.2"]
[White "Kurth, Justus"]
[Black "Wagner, Alexej"]
[Result "1/2-1/2"]
[WhiteElo "2262"]
[BlackElo "2259"]
[PlyCount "46"]
[EventDate "2023.??.??"]
[SourceVersionDate "2023.06.22"]
[WhiteTeam "Langenfelder SF"]
[BlackTeam "LSV Turm Lippstadt"]

1. c4 e6 2. Nf3 d5 3. d4 Nf6 4. g3 dxc4 5. Bg2 c5 6. O-O Nc6 7. dxc5 Qxd1 8.
Rxd1 Bxc5 9. Nbd2 c3 10. bxc3 O-O 11. Nb3 Be7 12. Nfd4 Nxd4 13. cxd4 Nd5 14.
Bd2 f5 15. Na5 Bf6 16. e3 b6 17. Nc6 Bb7 18. Rdc1 Rfc8 19. Bxd5 exd5 20. Ne5
Bxe5 21. dxe5 Kf7 22. Rxc8 Rxc8 23. Rc1 Rxc1+ 1/2-1/2

[Event "Langenfeld- Lippstadt"]
[Site "?"]
[Date "2023.04.30"]
[Round "8.3"]
[White "Kruse, Janik"]
[Black "Stoeber, Michael"]
[Result "1-0"]
[WhiteElo "2179"]
[BlackElo "2185"]
[PlyCount "71"]
[EventDate "2023.??.??"]
[SourceVersionDate "2023.06.22"]
[WhiteTeam "LSV Turm Lippstadt"]
[BlackTeam "Langenfelder SF"]

1. d4 Nf6 2. c4 g6 3. Nc3 Bg7 4. e4 d6 5. f3 O-O 6. Be3 b6 7. Qd2 c5 8. Nge2
Nc6 9. d5 Ne5 10. Ng3 e6 11. Be2 exd5 12. cxd5 a6 13. a4 h5 14. O-O h4 15. Nh1
Nh5 16. f4 Ng4 17. Bxg4 Bxg4 18. Nf2 Bd7 19. Rae1 Re8 20. a5 b5 21. e5 Qxa5 22.
Nfe4 b4 23. Ne2 dxe5 24. Nxc5 Bb5 25. f5 Nf4 26. d6 Nxe2+ 27. Rxe2 Bxe2 28.
Qxe2 e4 29. fxg6 fxg6 30. Qc4+ Kh7 31. Rf4 Qa1+ 32. Bc1 g5 33. Rf5 Bxb2 34. Nb3
Qb1 35. Qf7+ Kh6 36. Rxg5 1-0

[Event "Langenfeld- Lippstadt"]
[Site "?"]
[Date "2023.04.30"]
[Round "8.4"]
[White "Huelsmann, Josef"]
[Black "Besou, Hussain"]
[Result "0-1"]
[WhiteElo "2202"]
[BlackElo "2332"]
[PlyCount "74"]
[EventDate "2023.??.??"]
[SourceVersionDate "2023.06.22"]
[WhiteTeam "Langenfelder SF"]
[BlackTeam "LSV Turm Lippstadt"]

1. d4 Nf6 2. Bg5 d5 3. Bxf6 gxf6 4. e3 e6 5. c4 dxc4 6. Bxc4 Nd7 7. Nc3 c6 8.
Nge2 b5 9. Bb3 f5 10. Nf4 Nf6 11. Qf3 Bd7 12. Nd3 a5 13. O-O a4 14. Bc2 a3 15.
b4 Bd6 16. h3 Nd5 17. Nxd5 cxd5 18. Nc5 Bc6 19. Bd3 O-O 20. Rfc1 Rc8 21. Rc3
Kh8 22. Rxa3 Rg8 23. Rc1 f4 24. exf4 Qf6 25. f5 Rxg2+ 26. Qxg2 Rg8 27. Qxg8+
Kxg8 28. Rac3 e5 29. Nb3 Bd7 30. dxe5 Qxe5 31. Bb1 Qh2+ 32. Kf1 Kg7 33. Nc5 d4
34. f6+ Kh6 35. Nxd7 dxc3 36. Rxc3 Qh1+ 37. Ke2 Qxb1 0-1

[Event "Langenfeld- Lippstadt"]
[Site "?"]
[Date "2023.04.30"]
[Round "8.5"]
[White "Tran, Du Cuong"]
[Black "Reinemer, Frank"]
[Result "1-0"]
[WhiteElo "2080"]
[BlackElo "2096"]
[PlyCount "69"]
[EventDate "2023.??.??"]
[SourceVersionDate "2023.06.22"]
[WhiteTeam "LSV Turm Lippstadt"]
[BlackTeam "Langenfelder SF"]

1. d4 f5 2. Bg5 g6 3. Nc3 Nh6 4. Qd2 Nf7 5. Bf4 d6 6. Nf3 Bg7 7. e3 O-O 8. Bc4
c6 9. O-O b5 10. Bb3 a5 11. a3 h6 12. e4 g5 13. Bxg5 hxg5 14. Nxg5 d5 15. Nxf7
Rxf7 16. exd5 a4 17. Ba2 Ra5 18. dxc6 e6 19. Rad1 Nxc6 20. d5 Rd7 21. Qe3 Ne7
22. Qxe6+ Kh7 23. Rd3 Qf8 24. d6 Ng6 25. Nd5 Rxd6 26. Rh3+ Bh6 27. Nf6+ Kg7 28.
Ne8+ Kh7 29. Qxd6 Qxe8 30. Qc7+ Bd7 31. Qxa5 f4 32. Re1 Ne5 33. Rxh6+ Kxh6 34.
Qc3 Nf3+ 35. gxf3 1-0

[Event "Langenfeld- Lippstadt"]
[Site "?"]
[Date "2023.04.30"]
[Round "8.6"]
[White "Pejkovic, Patrick Slavko"]
[Black "Kuehler, Andreas"]
[Result "1-0"]
[WhiteElo "2101"]
[BlackElo "2000"]
[PlyCount "45"]
[EventDate "2023.??.??"]
[SourceVersionDate "2023.06.22"]
[WhiteTeam "Langenfelder SF"]
[BlackTeam "LSV Turm Lippstadt"]

1. e4 e5 2. Nc3 Nf6 3. f4 d5 4. fxe5 Nxe4 5. Nf3 Nxc3 6. bxc3 c5 7. d4 Nc6 8.
Bd3 Be7 9. O-O O-O 10. dxc5 Bxc5+ 11. Kh1 Bg4 12. Qe1 Bxf3 13. Rxf3 Re8 14. Bf4
Qe7 15. Qg3 g6 16. Re1 Nd8 17. Bg5 Qc7 18. Bf6 Ne6 19. h4 Ng7 20. Qg5 Nh5 21.
Qxh5 gxh5 22. Rg3+ Kf8 23. Bxh7 1-0